Every Country Taylor Swift Has Toured in on a Map - Statistics

General Stats
  • This quiz has been taken 59 times
  • The average score is 26 of 28
Answers on the Map
Answers color-coded by a green-red scale on the quiz's map according to % correct below.
 
Answer Stats
Answer % Correct
Australia
100%
Brazil
100%
Canada
100%
France
100%
Ireland
100%
Italy
100%
Mexico
100%
Spain
100%
United Kingdom
100%
United States of America
100%
China
98%
Germany
98%
Japan
98%
Norway
98%
Poland
98%
Portugal
96%
Sweden
96%
Argentina
94%
Belgium
92%
New Zealand
92%
Netherlands
90%
Switzerland
90%
South Korea
85%
Indonesia
77%
Philippines
77%
Singapore
73%
Malaysia
71%
Bahamas
69%
No matching quizzes found
Score Distribution
Percent of People with Each Score
Percentile by Number Answered
Your Score History
You have not taken this quiz